000 01580cam a2200313 i 4500
001 17735672
003 PILC
005 20150601113133.0
008 130513s2013 nyua b 000 0 eng
010 _a 2013019046
020 _a9781137361653 (alk. paper)
040 _aDLC
_beng
_cDLC
_erda
_dDLC
042 _apcc
050 0 0 _aHD 87
_b.F583 2013
082 0 0 _a330
100 1 _aFlassbeck, Heiner,
_eauthor.
245 1 0 _aEconomic reform now :
_ba global manifesto to rescue our sinking economies /
_cHeiner Flassbeck, Paul Davidson, James K. Galbraith, Richard Koo, and Jayati Ghosh.
260 _aNY :
_bPalgrave Macmillan,
_c2013.
300 _axii, 180 pages ;
_billustrations :
_c25 cm.
500 _aIncludes bibliographical references.
505 0 _aPreface -- Uncertainty and fiscal austerity policy / Paul Davidson -- Labour markets and economic development : new thinking and a strategic policy agenda / Heiner Flassbeck -- Balance sheet recessions and the global economic crisis / Richard Koo -- Economic integration and global crises : a perspective from the developing world / Jayati Ghosh -- Act now! : the manifesto : a new agenda for global economic policies -- About the authors -- References.
650 0 _aEconomic policy.
650 0 _aGlobal Financial Crisis, 2008-2009.
650 0 _aInternational economic integration.
700 1 _aDavidson, Paul,
_d1930-
906 _a7
_bcbc
_corignew
_d1
_eecip
_f20
_gy-gencatlg
942 _2lcc
_cBK
_kFOR
999 _c284556
_d284556